Distribution par images - Subway - Statistiques

Statistiques générales
  • Ce quiz a été pris 42 fois
  • Le résultat moyen est 6 sur 9
Statistiques - réponses
Par images Hint Réponse % Correct
Batteur Jean Reno
97%
Gesbert Michel Galabru
97%
Héléna Kerman Isabelle Adjani
76%
Fred Christophe Lambert
73%
Fleuriste Richard Bohringer
70%
Batman Jean-Pierre Bacri
68%
Roller Jean-Hugues Anglade
59%
Chef de station Jean Bouise
30%
Raymond Kerman Constantin Alexandrov
16%
Aucun quiz correspondant
Distribution des résultats
% des personnes avec chaque résultat
Percentile par nombre de réponses
Votre historique - résultats
Vous n’avez pas pris ce quiz